| 000 | 00863pam a2200313 a 4500 | ||
|---|---|---|---|
| 999 |
_c951 _d951 |
||
| 001 | 013557181 | ||
| 003 | Uk | ||
| 005 | 20191227152832.0 | ||
| 008 | 060912s2007 enk j 000 f eng d | ||
| 015 |
_aGBA679886 _2bnb |
||
| 016 | 7 |
_a013557181 _2Uk |
|
| 020 | _a9780141343396 | ||
| 040 |
_aStDuBDS _beng _cStDuBDS _dUk |
||
| 042 | _aukblcatcopy | ||
| 082 | _aFIC HIG | ||
| 100 | 1 |
_aHigson, Charles, _d1958- _eauthor |
|
| 245 | 1 | 0 |
_aDouble or die / _cCharlie Higson. |
| 260 |
_aLondon : _bPuffin, _c2012. |
||
| 300 |
_a389 p. ; _c20 cm. |
||
| 336 |
_atext _2rdacontent |
||
| 337 |
_aunmediated _2rdamedia |
||
| 338 |
_avolume _2rdacarrier |
||
| 440 |
_aYoung Bond ; _nbook 3. |
||
| 500 |
_aFormerly CIP. _5Uk |
||
| 650 | 0 |
_aBond, James (Fictitious character) _vJuvenile fiction. |
|
| 655 | 7 | _aSpy stories. | |
| 655 | 0 | _aChildren's stories. | |
| 942 |
_2ddc _cFIC |
||